000 00894nam0a22002411 4500
001 v19\rc\1264530
005 20260406220958.0
035 _a(NLR Aleph) 004418105
090 _a4098297
_c4098297
100 _a20060306d1894 |||y0rusy50 ca
101 0 _arus
102 _aRU
105 _ay z |||||
200 1 _aПротокол общего собрания Амурского общества пароходства и торговли, состоявшегося в Петербурге 4 мая 1894 г.
210 _a[Москва]
_dценз. 1894
215 _a[3] с.
309 _aБез тит. л. и обл.
710 0 2 _aАмурское общество пароходства и торговли
_cПетербург
_3RU\NLR\AUTH\889975580
_9448023
801 0 _aRU
_bNLR
_gpsbo
801 1 _aRU
_bProSoft-M
_2rusmarc
852 _aNLR
_j18.288.1.101
942 _cBOOK
980 _aNB